00735nam a2200229Ia 4500003000900000008004100009040001300050040001300063041000800076100002200084245009400106250001300200260001200213260000900225300001100234300001000245490003600255490000700291942000700298999001700305952018300322IT-RoPAU120407s9999 xx 000 0 und d aIT-RoPAU cIT-RoPAU aita aAlberto J. Soggin aIntroduzione all’Antico Testamento. Dall’esilio alla chiusura del Canone Alessandrino aBrescia  aPaideia c1969 a249 p. c21 cm aBiblioteca di cultura religiosa v16 cBK c30317d30317 00102ddc406208_12160000000000071aPAULUSbPAULUSd2012-04-11l0o208.1216r2012-04-11 00:00:00w2012-04-11yBKzInserito da: In data: n.d. fondo: Via A.Severo 56 Progr:15656